Introduction to Partial Differential Equations: (Record no. 2092)

MARC details
000 -LEADER
fixed length control field 00941cam a2200265 a 4500
001 - CONTROL NUMBER
control field 2140579
003 - CONTROL NUMBER IDENTIFIER
control field OSt
005 - DATE AND TIME OF LATEST TRANSACTION
control field 20240424123627.0
008 - FIXED-LENGTH DATA ELEMENTS--GENERAL INFORMATION
fixed length control field 980126s1998 nyua b 001 0 eng
010 ## - LIBRARY OF CONGRESS CONTROL NUMBER
LC control number 98004699
020 ## - INTERNATIONAL STANDARD BOOK NUMBER
International Standard Book Number 0387983279
040 ## - CATALOGING SOURCE
Original cataloging agency DLC
Transcribing agency DLC
Modifying agency DLC
050 00 - LIBRARY OF CONGRESS CALL NUMBER
Classification number QA377
Item number .T9 1998
082 00 - DEWEY DECIMAL CLASSIFICATION NUMBER
Classification number 515 TVE 1998
Edition number 21
100 1# - MAIN ENTRY--PERSONAL NAME
Personal name Tveito, Aslak; Winther, Ragnar
9 (RLIN) 5423
245 10 - TITLE STATEMENT
Title Introduction to Partial Differential Equations:
Remainder of title a computational approach
260 ## - PUBLICATION, DISTRIBUTION, ETC. (IMPRINT)
Place of publication, distribution, etc. New York;
Name of publisher, distributor, etc. Springer,
Date of publication, distribution, etc. 1998.
300 ## - PHYSICAL DESCRIPTION
Extent xv, 392 p. :
Other physical details ill. ;
Dimensions 24 cm.
440 #0 - SERIES STATEMENT/ADDED ENTRY--TITLE
Title Texts in applied mathematics ;
Volume/sequential designation 29
9 (RLIN) 5424
504 ## - BIBLIOGRAPHY, ETC. NOTE
Bibliography, etc Includes bibliographical references (p. [385]-387) and index.
650 #0 - SUBJECT ADDED ENTRY--TOPICAL TERM
Topical term or geographic name as entry element Differential equations
9 (RLIN) 712
906 ## - LOCAL DATA ELEMENT F, LDF (RLIN)
a 7
b cbc
c orignew
d 1
e ocip
f 19
g y-gencatlg
942 ## - ADDED ENTRY ELEMENTS (KOHA)
Source of classification or shelving scheme Dewey Decimal Classification
Koha item type Short Loan
Holdings
Withdrawn status Lost status Source of classification or shelving scheme Damaged status Not for loan Home library Current library Date acquired Source of acquisition Inventory number Total Checkouts Full call number Barcode Date last seen Koha item type
    Dewey Decimal Classification     MUST Main Library MUST Main Library 17/06/2015 Purchase 02/17292   515 TVE 1998 2015-1946 17/06/2015 Short Loan
    Dewey Decimal Classification     MUST Main Library MUST Main Library 23/07/2015 Purchase 02/17293   515 TVE 1998 2015-2119 23/07/2015 Short Loan
    Dewey Decimal Classification     MUST Main Library MUST Main Library 02/03/2022 Purchase 08/30687   515 TVE 1998 2022-0351 02/03/2022 Open Shelf
    Dewey Decimal Classification     MUST Main Library MUST Main Library 02/03/2022 Purchase 08/30688   515 TVE 1998 2022-0352 02/03/2022 Open Shelf